000 00601nam a22001937a 4500
999 _c158635
_d158635
005 20181110111319.0
010 _aENG-124456
020 _a9788178442938
_c495.00
035 _aEN-107988
037 _bDBAD/PUB
082 _a781.74500954
100 _aRai Bahadur Bishan Swarup
245 _aTheory of indian music /
_cby Rai Bahadur Bishan Swarup
260 _aNew Delhi
_bK.K. Publications
_c2016
270 _a4806/24, Bharat Ram Road, Darya Ganj,
_bNew Delhi
_e110002
300 _a159p.
_c21cm(Hb)
500 _aIt includes Notation
942 _2ddc
_cEN
_mRAI
_h781.74500954